000 00737nam a22002415a 4500
008 161225s2016 nyu|||afrb||| 001 0 eng d
020 _a1681174251
020 _a9781681174259
040 _aEG-ScBUE
_beng
_cEG-ScBUE
082 0 4 _222
_a622.338
_bOIL
245 _aOil & gas production /
_cEditor, Sanjay Jadhav.
260 _aValley Cottage, New York :
_bScitus Academics,
_c2016.
300 _a249 p. :
_bill. ;
_c18 cm.
500 _aIndex : p. 247-249.
504 _aCitations : p. 243-245.
504 _aIncludes bibliographical references.
590 _aWessam
650 7 _2BUEsh
_939298
_aOil wells.
650 7 _939299
_aGas wells.
651 _2BUEsh
653 _bENGPET
_cDecember2016
942 _2ddc
_e22
_k622.338 OIL
999 _c23721
_d23693